مكتبة جامعة عجلون الوطنية

فهرس بحث المكتبة

إستراتيجية التعليم العالي في الأردن (Record no. 11447)

MARC details
000 -LEADER
fixed length control field 00977nam a2200229Ii 4500
003 - CONTROL NUMBER IDENTIFIER
control field JO-AjNU
008 - FIXED-LENGTH DATA ELEMENTS--GENERAL INFORMATION
fixed length control field 230605s9999||||xx |||||||||||||| ||und||
017 ## - COPYRIGHT OR LEGAL DEPOSIT NUMBER
Copyright or legal deposit number 2006/5/1270
020 ## - INTERNATIONAL STANDARD BOOK NUMBER
International Standard Book Number 9957-19-016-4
040 ## - CATALOGING SOURCE
Original cataloging agency JO-AjNU
Language of cataloging ara
Description conventions rda
Transcribing agency JO-AjNU
041 ## - LANGUAGE CODE
Language code of text/sound track or separate title ara
050 14 - LIBRARY OF CONGRESS CALL NUMBER
Classification number LA1473.I785.2006
100 3# - MAIN ENTRY--PERSONAL NAME
Personal name زعبلاوي،عصام وآخرون/كنعان،طاهرم.مشارك/بدران،عدنان م.مشارك/طوقان،خالد م.مشارك/محمد،حمدان مراجع ومقدم,
Relator term author
9 (RLIN) 22276
245 00 - TITLE STATEMENT
Title إستراتيجية التعليم العالي في الأردن
250 ## - EDITION STATEMENT
Edition statement ط1
264 31 - PRODUCTION, PUBLICATION, DISTRIBUTION, MANUFACTURE, AND COPYRIGHT NOTICE
Place of production, publication, distribution, manufacture عمان:مؤسسة عبد الحميد شومان،2006/بيروت:المؤسسة العربية للدراسات والنشر،2006
300 ## - PHYSICAL DESCRIPTION
Extent 214ص
336 ## - CONTENT TYPE
Content type term text
Content type code txt
Source rdacontent
337 ## - MEDIA TYPE
Media type term unmediated
Media type code n
Source rdamedia
338 ## - CARRIER TYPE
Carrier type term volume
Carrier type code nc
Source rdacarrier
650 #4 - SUBJECT ADDED ENTRY--TOPICAL TERM
Topical term or geographic name entry element التعليم العالي-تخطيط-الأردن
9 (RLIN) 22277
Holdings
Withdrawn status Lost status Source of classification or shelving scheme Damaged status Not for loan Home library Current library Shelving location Date acquired Total Checkouts Full call number Barcode Date last seen Price effective from Koha item type
    Library of Congress Classification     مكتبة جامعة عجلون الوطنية مكتبة جامعة عجلون الوطنية المجموعات العامة 06/06/2023   LA1473.I785.2006 A7879 06/06/2023 06/06/2023 Books